Statystyki dla Dokończ zdanie: "Muszę się z tego jakoś Wy..."

Kliknij tutaj aby rozwiązać quiz!

Ogólne statystyki

  • Ten quiz został rozwiązany 16 razy
  • Średni wynik to 2 z 6

Statystyki odpowiedzi

Odpowiedź% Poprawnych
Kręcić
46%
Karaskać
38%
Karaskać
38%
Tłumaczyć
38%
Rwać
8%
Winąć
8%

Rozkład punktacji

Percentyl według liczby udzielonych odpowiedzi

Procent ludzi z każdym wynikiem

Twoja historia wyników

Nie rozwiązałeś tego quizu